| 000 | 00459nam a22001937a 4500 | ||
|---|---|---|---|
| 005 | 20230613110212.0 | ||
| 008 | 230607b |||||||| |||| 00| 0 eng d | ||
| 020 | _a9788131710005 | ||
| 082 |
_a621.382 _bPRO-D |
||
| 100 | _aProakis.John.G | ||
| 245 | _aDigital Signal Processing | ||
| 250 | _a4th ed. | ||
| 260 |
_aIndia _bPearson _c2013 |
||
| 300 | _a1136 | ||
| 500 | _aindex given | ||
| 650 | _aEngineering | ||
| 700 | _aJohn G.Proakis | ||
| 999 |
_c18644 _d18644 |
||